[Event "45th FIDE Chess Olympiad Open"]
[Site "Budapest, Hungary"]
[Date "2024.09.22"]
[Round "11"]
[White "Asllani, Muhamet"]
[Black "Smerdon, David C"]
[Result "0-1"]
[Board "124"]
[WhiteFideId "22100300"]
[BlackFideId "3202305"]
[BlackTitle "GM"]
[WhiteElo "2191"]
[BlackElo "2475"]
[WhiteTeam "Kosovo"]
[BlackTeam "Australia"]
[WhiteClock "0:28:20"]
[BlackClock "0:05:11"]
[Variant "Standard"]

1. d4 {[%clk 1:30:36]}  Nf6 {[%clk 1:30:50]} 2. Nf3 {[%clk 1:30:40]}  g6 {[%clk 1:31:08]} 3. c4 {[%clk 1:30:55]}  Bg7 {[%clk 1:31:30]} 4. Nc3 {[%clk 1:31:17]}  O-O {[%clk 1:31:40]} 5. e4 {[%clk 1:31:33]}  d6 {[%clk 1:31:59]} 6. Be2 {[%clk 1:31:57]}  Nbd7 {[%clk 1:32:09]} 7. h3 {[%clk 1:31:36]}  e5 {[%clk 1:30:10]} 8. dxe5 {[%clk 1:31:39]}  dxe5 {[%clk 1:25:01]} 9. Be3 {[%clk 1:31:50]}  Qe7 {[%clk 1:20:39]} 10. O-O {[%clk 1:26:37]}  c6 {[%clk 1:19:33]} 11. a3 {[%clk 1:17:24]}  Nc5 {[%clk 1:13:20]} 12. Qc2 {[%clk 1:17:46]}  Nh5 {[%clk 1:11:00]} 13. Bxc5 {[%clk 1:12:37]}  Qxc5 {[%clk 1:11:26]} 14. b4 {[%clk 1:12:57]}  Qe7 {[%clk 1:11:34]} 15. c5 {[%clk 1:11:37]}  Nf4 {[%clk 1:08:28]} 16. Rfd1 {[%clk 1:07:49]}  Ne6 {[%clk 0:50:19]} 17. Na4 {[%clk 1:02:52]}  Nd4 {[%clk 0:47:13]} 18. Nxd4 {[%clk 1:03:11]}  exd4 {[%clk 0:47:41]} 19. Nb2 {[%clk 1:02:53]}  Qg5 {[%clk 0:32:07]} 20. Bf1 {[%clk 0:52:44]}  f5 {[%clk 0:28:00]} 21. Rxd4 {[%clk 0:45:31]}  Bxd4 {[%clk 0:19:58]} 22. Qc4+ {[%clk 0:45:54]}  Rf7 {[%clk 0:19:18]} 23. Qxd4 {[%clk 0:46:13]}  Be6 {[%clk 0:19:43]} 24. Bc4 {[%clk 0:40:48]}  Rd8 {[%clk 0:19:16]} 25. Qc3 {[%clk 0:41:14]}  Bxc4 {[%clk 0:18:22]} 26. Nxc4 {[%clk 0:41:35]}  fxe4 {[%clk 0:18:15]} 27. Nd6 {[%clk 0:37:54]}  Qf6 {[%clk 0:18:00]} 28. Qe1 {[%clk 0:38:16]}  Re7 {[%clk 0:17:29]} 29. Rd1 {[%clk 0:38:43]}  Qg5 {[%clk 0:13:30]} 30. Rd4 {[%clk 0:37:22]}  e3 {[%clk 0:13:15]} 31. Ne4 {[%clk 0:36:51]}  Rxd4 {[%clk 0:09:29]} 32. Nxg5 {[%clk 0:34:33]}  e2 {[%clk 0:09:52]} 33. f3 {[%clk 0:30:59]}  Rd1 {[%clk 0:10:17]} 34. Kf2 {[%clk 0:31:16]}  Rxe1 {[%clk 0:10:41]} 35. Kxe1 {[%clk 0:31:42]}  Re3 {[%clk 0:11:05]} 36. Ne4 {[%clk 0:31:48]}  Rxa3 {[%clk 0:09:03]} 37. Nd6 {[%clk 0:32:08]}  Rb3 {[%clk 0:05:10]} 38. Nxb7 {[%clk 0:28:05]}  Rxb4 {[%clk 0:05:11]} 39. Na5 {[%clk 0:28:20]} 0-1

[Event "45th FIDE Chess Olympiad Open"]
[Site "Budapest, Hungary"]
[Date "2024.09.22"]
[Round "11"]
[White "Tin, Jingyao"]
[Black "Duran Vega, Sergio"]
[Result "1-0"]
[Board "125"]
[WhiteFideId "5804418"]
[BlackFideId "6501311"]
[WhiteTitle "GM"]
[BlackTitle "IM"]
[WhiteElo "2580"]
[BlackElo "2308"]
[WhiteTeam "Singapore"]
[BlackTeam "Costa Rica"]
[WhiteClock "0:16:46"]
[BlackClock "0:01:32"]
[Variant "Standard"]

1. d4 {[%clk 1:30:49]}  d5 {[%clk 1:30:14]} 2. c4 {[%clk 1:31:01]}  c6 {[%clk 1:30:28]} 3. Nf3 {[%clk 1:31:09]}  Nf6 {[%clk 1:30:55]} 4. Nc3 {[%clk 1:30:48]}  e6 {[%clk 1:31:12]} 5. Bg5 {[%clk 1:30:30]}  h6 {[%clk 1:30:13]} 6. Bh4 {[%clk 1:30:13]}  Nbd7 {[%clk 1:28:39]} 7. e3 {[%clk 1:29:29]}  Be7 {[%clk 1:28:43]} 8. Qc2 {[%clk 1:27:37]}  O-O {[%clk 1:28:40]} 9. a3 {[%clk 1:27:20]}  b6 {[%clk 1:22:58]} 10. cxd5 {[%clk 1:25:15]}  cxd5 {[%clk 1:22:03]} 11. Bd3 {[%clk 1:21:59]}  Bb7 {[%clk 1:21:56]} 12. O-O {[%clk 1:21:32]}  Rc8 {[%clk 1:18:28]} 13. Qa4 {[%clk 1:16:38]}  a6 {[%clk 1:18:12]} 14. Rfc1 {[%clk 1:16:05]}  b5 {[%clk 1:14:24]} 15. Qb3 {[%clk 1:12:02]}  Ne4 {[%clk 1:06:44]} 16. Bxe7 {[%clk 1:08:51]}  Qxe7 {[%clk 1:06:08]} 17. Qb4 {[%clk 1:02:22]}  Qxb4 {[%clk 0:57:33]} 18. axb4 {[%clk 1:02:47]}  Nxc3 {[%clk 0:55:15]} 19. bxc3 {[%clk 1:02:23]}  Rc7 {[%clk 0:51:59]} 20. Kf1 {[%clk 1:01:09]}  Rfc8 {[%clk 0:52:21]} 21. Ra3 {[%clk 1:01:04]}  Nb6 {[%clk 0:49:47]} 22. Ke1 {[%clk 0:59:48]}  Kf8 {[%clk 0:38:58]} 23. Ng1 {[%clk 0:55:09]}  Ke7 {[%clk 0:37:30]} 24. Ne2 {[%clk 0:55:05]}  g5 {[%clk 0:33:37]} 25. Kd2 {[%clk 0:52:24]}  f6 {[%clk 0:32:58]} 26. h4 {[%clk 0:49:28]}  e5 {[%clk 0:29:10]} 27. Ng3 {[%clk 0:47:11]}  gxh4 {[%clk 0:25:15]} 28. Nf5+ {[%clk 0:46:10]}  Ke6 {[%clk 0:23:52]} 29. Nxh4 {[%clk 0:45:39]}  Rg8 {[%clk 0:22:18]} 30. Rca1 {[%clk 0:39:05]}  Rc6 {[%clk 0:18:36]} 31. Rh1 {[%clk 0:36:32]}  Rc7 {[%clk 0:17:25]} 32. Raa1 {[%clk 0:33:51]}  Na4 {[%clk 0:08:00]} 33. Rac1 {[%clk 0:33:11]}  Nb2 {[%clk 0:06:52]} 34. g3 {[%clk 0:23:28]}  Nc4+ {[%clk 0:01:53]} 35. Ke2 {[%clk 0:23:34]}  Nb2 {[%clk 0:00:50]} 36. Bb1 {[%clk 0:19:35]}  Na4 {[%clk 0:00:39]} 37. Kd2 {[%clk 0:19:53]}  Rg5 {[%clk 0:00:36]} 38. Nf3 {[%clk 0:19:50]}  Rg8 {[%clk 0:00:46]} 39. dxe5 {[%clk 0:19:57]}  Rgc8 {[%clk 0:00:35]} 40. Rxh6 {[%clk 0:17:14]}  Nxc3 {[%clk 0:01:03]} 41. Rxf6+ {[%clk 0:16:50]}  Ke7 {[%clk 0:01:32]} 42. Nd4 {[%clk 0:16:46]} 1-0

[Event "45th FIDE Chess Olympiad Open"]
[Site "Budapest, Hungary"]
[Date "2024.09.22"]
[Round "11"]
[White "Valdes Romero, Leonardo"]
[Black "Siddharth, Jagadeesh"]
[Result "1/2-1/2"]
[Board "126"]
[WhiteFideId "6500331"]
[BlackFideId "5818320"]
[WhiteTitle "IM"]
[BlackTitle "GM"]
[WhiteElo "2347"]
[BlackElo "2514"]
[WhiteTeam "Costa Rica"]
[BlackTeam "Singapore"]
[WhiteClock "0:01:40"]
[BlackClock "0:26:26"]
[Variant "Standard"]

1. Nf3 {[%clk 1:30:20]}  d5 {[%clk 1:30:49]} 2. g3 {[%clk 1:30:24]}  Nc6 {[%clk 1:29:05]} 3. d4 {[%clk 1:27:49]}  Bf5 {[%clk 1:29:16]} 4. Bg2 {[%clk 1:27:48]}  Nb4 {[%clk 1:29:15]} 5. Na3 {[%clk 1:28:11]}  e6 {[%clk 1:29:17]} 6. O-O {[%clk 1:19:14]}  Be7 {[%clk 1:28:09]} 7. Ne5 {[%clk 1:19:20]}  Nf6 {[%clk 1:26:45]} 8. c3 {[%clk 1:19:10]}  Nc6 {[%clk 1:27:06]} 9. Qa4 {[%clk 1:15:04]}  O-O {[%clk 1:27:26]} 10. Nxc6 {[%clk 1:14:04]}  bxc6 {[%clk 1:27:49]} 11. Qxc6 {[%clk 1:11:18]}  Rb8 {[%clk 1:28:13]} 12. Qa4 {[%clk 1:08:55]}  h5 {[%clk 1:26:18]} 13. Nc2 {[%clk 1:03:44]}  h4 {[%clk 1:26:34]} 14. Nb4 {[%clk 0:58:11]}  Bd6 {[%clk 1:26:55]} 15. Qd1 {[%clk 0:49:40]}  h3 {[%clk 1:19:04]} 16. Bf3 {[%clk 0:49:08]}  Qd7 {[%clk 1:18:32]} 17. Nd3 {[%clk 0:43:02]}  Ne4 {[%clk 1:18:30]} 18. Be3 {[%clk 0:37:04]}  f6 {[%clk 1:08:41]} 19. Rc1 {[%clk 0:32:59]}  e5 {[%clk 1:03:44]} 20. c4 {[%clk 0:13:41]}  dxc4 {[%clk 0:58:36]} 21. dxe5 {[%clk 0:09:45]}  fxe5 {[%clk 0:54:37]} 22. Rxc4 {[%clk 0:05:58]}  Nf6 {[%clk 0:54:49]} 23. Nc5 {[%clk 0:04:56]}  Qf7 {[%clk 0:53:09]} 24. b3 {[%clk 0:05:17]}  Qg6 {[%clk 0:47:07]} 25. Qc1 {[%clk 0:03:18]}  e4 {[%clk 0:43:11]} 26. Nxe4 {[%clk 0:03:34]}  Nxe4 {[%clk 0:39:42]} 27. Rxe4 {[%clk 0:04:00]}  Bxe4 {[%clk 0:40:06]} 28. Qc4+ {[%clk 0:04:27]}  Kh8 {[%clk 0:40:26]} 29. Qxe4 {[%clk 0:03:52]}  Qxe4 {[%clk 0:37:58]} 30. Bxe4 {[%clk 0:04:20]}  a5 {[%clk 0:38:19]} 31. Bc6 {[%clk 0:04:32]}  Rf7 {[%clk 0:23:08]} 32. Rd1 {[%clk 0:04:27]}  Re7 {[%clk 0:22:47]} 33. Rd5 {[%clk 0:03:21]}  Re5 {[%clk 0:23:05]} 34. Rd1 {[%clk 0:02:29]}  Bc5 {[%clk 0:22:33]} 35. Bxc5 {[%clk 0:02:08]}  Rxc5 {[%clk 0:23:01]} 36. Be4 {[%clk 0:02:32]}  g5 {[%clk 0:21:58]} 37. f3 {[%clk 0:02:35]}  a4 {[%clk 0:22:03]} 38. bxa4 {[%clk 0:01:53]}  Rb2 {[%clk 0:21:08]} 39. Kf2 {[%clk 0:01:34]}  Rxa2 {[%clk 0:19:09]} 40. Rd8+ {[%clk 0:01:35]}  Kg7 {[%clk 0:19:30]} 41. Rd7+ {[%clk 0:01:16]}  Kf6 {[%clk 0:16:28]} 42. Rh7 {[%clk 0:29:02]}  Rxa4 {[%clk 0:42:01]} 43. Rxh3 {[%clk 0:26:07]}  Re5 {[%clk 0:40:17]} 44. Rh6+ {[%clk 0:25:38]}  Ke7 {[%clk 0:38:08]} 45. h4 {[%clk 0:22:48]}  gxh4 {[%clk 0:38:07]} 46. Rxh4 {[%clk 0:23:13]}  c5 {[%clk 0:37:44]} 47. Ke3 {[%clk 0:23:13]}  Kd6 {[%clk 0:30:15]} 48. Rh8 {[%clk 0:16:30]}  c4 {[%clk 0:25:04]} 49. Kd4 {[%clk 0:16:27]}  c3+ {[%clk 0:20:47]} 50. Kxc3 {[%clk 0:16:24]}  Rexe4 {[%clk 0:21:13]} 51. fxe4 {[%clk 0:16:42]}  Ra3+ {[%clk 0:21:41]} 52. Kd4 {[%clk 0:16:55]}  Rxg3 {[%clk 0:22:07]} 53. e5+ {[%clk 0:11:27]}  Ke6 {[%clk 0:21:41]} 54. Rh6+ {[%clk 0:11:51]}  Ke7 {[%clk 0:22:06]} 55. Kd5 {[%clk 0:10:57]}  Ra3 {[%clk 0:22:22]} 56. Rh7+ {[%clk 0:11:04]}  Ke8 {[%clk 0:22:29]} 57. Ke6 {[%clk 0:11:10]}  Ra6+ {[%clk 0:22:56]} 58. Kf5 {[%clk 0:11:36]}  Rb6 {[%clk 0:23:07]} 59. e4 {[%clk 0:09:31]}  Ra6 {[%clk 0:23:14]} 60. Rb7 {[%clk 0:08:34]}  Rc6 {[%clk 0:23:08]} 61. Rb8+ {[%clk 0:05:20]}  Ke7 {[%clk 0:23:26]} 62. Rg8 {[%clk 0:05:18]}  Ra6 {[%clk 0:23:49]} 63. Rg7+ {[%clk 0:05:35]}  Ke8 {[%clk 0:24:14]} 64. Rg6 {[%clk 0:05:57]}  Ra4 {[%clk 0:23:14]} 65. Rb6 {[%clk 0:04:25]}  Ke7 {[%clk 0:23:17]} 66. Rb7+ {[%clk 0:04:44]}  Ke8 {[%clk 0:23:37]} 67. Rh7 {[%clk 0:01:34]}  Ra6 {[%clk 0:23:56]} 68. Rg7 {[%clk 0:01:54]}  Ra4 {[%clk 0:23:18]} 69. Rg6 {[%clk 0:01:27]}  Ke7 {[%clk 0:23:03]} 70. Re6+ {[%clk 0:01:51]}  Kf7 {[%clk 0:23:02]} 71. Rb6 {[%clk 0:02:12]}  Ke7 {[%clk 0:23:19]} 72. Rb7+ {[%clk 0:01:52]}  Ke8 {[%clk 0:23:40]} 73. Kf6 {[%clk 0:00:48]}  Rxe4 {[%clk 0:23:53]} 74. Ke6 {[%clk 0:01:05]}  Kf8 {[%clk 0:24:09]} 75. Rb8+ {[%clk 0:01:32]}  Kg7 {[%clk 0:24:33]} 76. Re8 {[%clk 0:01:57]}  Ra4 {[%clk 0:24:41]} 77. Rd8 {[%clk 0:01:46]}  Ra6+ {[%clk 0:22:36]} 78. Ke7 {[%clk 0:00:52]}  Ra7+ {[%clk 0:22:12]} 79. Rd7 {[%clk 0:01:04]}  Ra8 {[%clk 0:22:33]} 80. e6 {[%clk 0:00:37]}  Kg6 {[%clk 0:22:51]} 81. Rb7 {[%clk 0:00:57]}  Kg7 {[%clk 0:22:30]} 82. Rc7 {[%clk 0:01:00]}  Kg6 {[%clk 0:22:54]} 83. Rd7 {[%clk 0:00:49]}  Kg7 {[%clk 0:23:22]} 84. Rd8 {[%clk 0:00:38]}  Ra7+ {[%clk 0:22:30]} 85. Rd7 {[%clk 0:00:47]}  Ra8 {[%clk 0:21:38]} 86. Rc7 {[%clk 0:00:57]}  Kg6 {[%clk 0:21:58]} 87. Rb7 {[%clk 0:01:19]}  Kg7 {[%clk 0:22:22]} 88. Rd7 {[%clk 0:01:41]}  Kg6 {[%clk 0:22:45]} 89. Rd8 {[%clk 0:00:54]}  Ra7+ {[%clk 0:22:13]} 90. Kd6 {[%clk 0:00:59]}  Ra6+ {[%clk 0:22:16]} 91. Ke5 {[%clk 0:01:25]}  Ra5+ {[%clk 0:22:02]} 92. Rd5 {[%clk 0:01:43]}  Ra1 {[%clk 0:22:05]} 93. Rd2 {[%clk 0:01:55]}  Ra5+ {[%clk 0:22:08]} 94. Kd6 {[%clk 0:02:05]}  Ra6+ {[%clk 0:22:32]} 95. Ke7 {[%clk 0:02:31]}  Ra7+ {[%clk 0:22:45]} 96. Kf8 {[%clk 0:00:33]}  Ra8+ {[%clk 0:23:05]} 97. Ke7 {[%clk 0:01:00]}  Ra7+ {[%clk 0:23:32]} 98. Kd6 {[%clk 0:00:53]}  Ra6+ {[%clk 0:23:52]} 99. Ke5 {[%clk 0:01:19]}  Ra5+ {[%clk 0:24:13]} 100. Rd5 {[%clk 0:01:42]}  Ra1 {[%clk 0:24:39]} 101. Rd8 {[%clk 0:01:50]}  Ra5+ {[%clk 0:24:43]} 102. Kd6 {[%clk 0:02:11]}  Ra6+ {[%clk 0:25:05]} 103. Ke7 {[%clk 0:02:36]}  Ra7+ {[%clk 0:25:29]} 104. Rd7 {[%clk 0:01:43]}  Ra8 {[%clk 0:25:53]} 105. Rd6 {[%clk 0:01:32]}  Kg7 {[%clk 0:24:52]} 106. Rd2 {[%clk 0:00:36]}  Ra7+ {[%clk 0:25:02]} 107. Kd8 {[%clk 0:00:34]}  Kf6 {[%clk 0:24:17]} 108. e7 {[%clk 0:00:51]}  Ra8+ {[%clk 0:24:41]} 109. Kd7 {[%clk 0:01:12]}  Ra7+ {[%clk 0:25:08]} 110. Kd6 {[%clk 0:01:19]}  Ra6+ {[%clk 0:25:34]} 111. Kd7 {[%clk 0:01:39]}  Ra7+ {[%clk 0:26:00]} 112. Kd8 {[%clk 0:01:40]}  Ra8+ {[%clk 0:26:26]} 1/2-1/2

[Event "45th FIDE Chess Olympiad Open"]
[Site "Budapest, Hungary"]
[Date "2024.09.22"]
[Round "11"]
[White "Wong, Zhenyong Jayden"]
[Black "Jimenez Garcia, Emmanuel"]
[Result "1/2-1/2"]
[Board "127"]
[WhiteFideId "5821975"]
[BlackFideId "6504779"]
[WhiteTitle "FM"]
[BlackTitle "IM"]
[WhiteElo "2397"]
[BlackElo "2352"]
[WhiteTeam "Singapore"]
[BlackTeam "Costa Rica"]
[WhiteClock "0:14:39"]
[BlackClock "0:16:23"]
[Variant "Standard"]

1. d4 {[%clk 1:30:54]}  Nf6 {[%clk 1:30:55]} 2. c4 {[%clk 1:31:20]}  e6 {[%clk 1:31:20]} 3. Nc3 {[%clk 1:31:30]}  Bb4 {[%clk 1:31:45]} 4. e3 {[%clk 1:31:53]}  b6 {[%clk 1:31:51]} 5. Nge2 {[%clk 1:31:52]}  Ne4 {[%clk 1:32:11]} 6. Qc2 {[%clk 1:31:51]}  Bb7 {[%clk 1:32:36]} 7. a3 {[%clk 1:32:16]}  Bxc3+ {[%clk 1:32:56]} 8. Nxc3 {[%clk 1:32:42]}  Nxc3 {[%clk 1:28:47]} 9. Qxc3 {[%clk 1:33:04]}  Qh4 {[%clk 1:27:09]} 10. b4 {[%clk 1:31:18]}  d6 {[%clk 1:22:08]} 11. d5 {[%clk 1:15:20]}  Qf6 {[%clk 1:19:25]} 12. Bb2 {[%clk 1:04:03]}  Qxc3+ {[%clk 1:19:32]} 13. Bxc3 {[%clk 1:04:33]}  O-O {[%clk 1:16:06]} 14. dxe6 {[%clk 1:03:25]}  fxe6 {[%clk 1:16:30]} 15. f3 {[%clk 1:01:01]}  Nd7 {[%clk 1:16:37]} 16. Be2 {[%clk 0:57:33]}  a5 {[%clk 1:13:47]} 17. Kd2 {[%clk 0:56:34]}  axb4 {[%clk 1:13:30]} 18. axb4 {[%clk 0:56:50]}  Rxa1 {[%clk 1:13:54]} 19. Rxa1 {[%clk 0:57:17]}  Ra8 {[%clk 1:14:18]} 20. Rxa8+ {[%clk 0:57:00]}  Bxa8 {[%clk 1:14:46]} 21. h4 {[%clk 0:54:42]}  e5 {[%clk 1:12:56]} 22. Ke1 {[%clk 0:50:48]}  Kf7 {[%clk 1:13:09]} 23. Kf2 {[%clk 0:50:49]}  h6 {[%clk 1:12:29]} 24. g4 {[%clk 0:50:36]}  g5 {[%clk 1:11:12]} 25. Kg3 {[%clk 0:49:45]}  Nf6 {[%clk 1:10:24]} 26. Bd1 {[%clk 0:49:04]}  Bc6 {[%clk 1:07:43]} 27. h5 {[%clk 0:45:25]}  Bd7 {[%clk 1:07:57]} 28. Bb2 {[%clk 0:41:22]}  b5 {[%clk 0:57:52]} 29. cxb5 {[%clk 0:39:34]}  Bxb5 {[%clk 0:58:13]} 30. Bb3+ {[%clk 0:39:50]}  Ke7 {[%clk 0:57:57]} 31. Bc3 {[%clk 0:35:52]}  Bd7 {[%clk 0:56:26]} 32. Bc2 {[%clk 0:35:22]}  Be6 {[%clk 0:55:33]} 33. Bd2 {[%clk 0:35:33]}  e4 {[%clk 0:53:13]} 34. Bxe4 {[%clk 0:22:48]}  Bxg4 {[%clk 0:53:03]} 35. Bg6 {[%clk 0:21:10]}  Bxh5 {[%clk 0:52:26]} 36. Bxh5 {[%clk 0:21:37]}  Nxh5+ {[%clk 0:52:51]} 37. Kg4 {[%clk 0:22:05]}  Nf6+ {[%clk 0:47:26]} 38. Kf5 {[%clk 0:22:22]}  c6 {[%clk 0:32:40]} 39. e4 {[%clk 0:16:31]}  Nd7 {[%clk 0:29:30]} 40. f4 {[%clk 0:14:42]}  gxf4 {[%clk 0:29:53]} 41. Bxf4 {[%clk 0:15:04]}  h5 {[%clk 0:30:15]} 42. Bg5+ {[%clk 0:14:17]}  Kf7 {[%clk 0:27:03]} 43. Bf4 {[%clk 0:14:36]}  Ke7 {[%clk 0:23:56]} 44. Bg5+ {[%clk 0:14:13]}  Kf7 {[%clk 0:20:41]} 45. Bf4 {[%clk 0:14:39]}  Ke7 {[%clk 0:16:23]} 1/2-1/2

[Event "45th FIDE Chess Olympiad Open"]
[Site "Budapest, Hungary"]
[Date "2024.09.22"]
[Round "11"]
[White "Cabezas Solano, David Alejandro"]
[Black "Chia, Yu Zhe Ashton"]
[Result "1/2-1/2"]
[Board "128"]
[WhiteFideId "6507522"]
[BlackFideId "5821304"]
[WhiteTitle "FM"]
[BlackTitle "CM"]
[WhiteElo "2248"]
[BlackElo "2224"]
[WhiteTeam "Costa Rica"]
[BlackTeam "Singapore"]
[WhiteClock "0:05:38"]
[BlackClock "0:33:25"]
[Variant "Standard"]

1. Nf3 {[%clk 1:30:51]}  Nf6 {[%clk 1:30:42]} 2. c4 {[%clk 1:31:15]}  b6 {[%clk 1:31:04]} 3. g3 {[%clk 1:30:56]}  Bb7 {[%clk 1:31:26]} 4. Bg2 {[%clk 1:31:22]}  g6 {[%clk 1:31:46]} 5. O-O {[%clk 1:31:38]}  Bg7 {[%clk 1:32:07]} 6. d4 {[%clk 1:31:59]}  O-O {[%clk 1:31:56]} 7. d5 {[%clk 1:30:01]}  Na6 {[%clk 1:31:57]} 8. Nc3 {[%clk 1:30:22]}  Nc5 {[%clk 1:32:16]} 9. Qc2 {[%clk 1:28:02]}  d6 {[%clk 1:28:35]} 10. Rd1 {[%clk 1:22:44]}  e5 {[%clk 1:27:04]} 11. b4 {[%clk 1:05:46]}  Ncd7 {[%clk 1:26:44]} 12. Rb1 {[%clk 1:03:52]}  Qe7 {[%clk 1:22:45]} 13. h3 {[%clk 1:03:09]}  h6 {[%clk 1:22:05]} 14. e4 {[%clk 1:02:22]}  Nh5 {[%clk 1:20:13]} 15. Nb5 {[%clk 0:56:21]}  a6 {[%clk 1:10:07]} 16. Nc3 {[%clk 0:48:39]}  f5 {[%clk 1:10:15]} 17. exf5 {[%clk 0:45:38]}  gxf5 {[%clk 1:10:25]} 18. Nh4 {[%clk 0:44:31]}  Qf7 {[%clk 1:04:08]} 19. Nxf5 {[%clk 0:37:47]}  Qxf5 {[%clk 1:04:29]} 20. Qxf5 {[%clk 0:38:13]}  Rxf5 {[%clk 1:04:48]} 21. g4 {[%clk 0:38:41]}  Rf4 {[%clk 1:04:20]} 22. gxh5 {[%clk 0:31:35]}  Rxc4 {[%clk 1:04:46]} 23. Ne4 {[%clk 0:24:31]}  Rf8 {[%clk 1:04:24]} 24. Be3 {[%clk 0:24:36]}  Nf6 {[%clk 0:57:13]} 25. Nxf6+ {[%clk 0:22:58]}  Rxf6 {[%clk 0:56:55]} 26. Rdc1 {[%clk 0:23:19]}  Rxc1+ {[%clk 0:55:50]} 27. Rxc1 {[%clk 0:23:48]}  Rf7 {[%clk 0:56:19]} 28. a4 {[%clk 0:23:02]}  Re7 {[%clk 0:55:19]} 29. Be4 {[%clk 0:22:51]}  Kf7 {[%clk 0:55:42]} 30. a5 {[%clk 0:22:04]}  b5 {[%clk 0:55:24]} 31. Kh2 {[%clk 0:21:42]}  Ke8 {[%clk 0:55:37]} 32. Rg1 {[%clk 0:21:12]}  Kd7 {[%clk 0:51:18]} 33. Rg6 {[%clk 0:14:56]}  Rf7 {[%clk 0:51:43]} 34. Kg3 {[%clk 0:06:18]}  c6 {[%clk 0:52:06]} 35. Bc5 {[%clk 0:05:38]}  Bf8 {[%clk 0:51:58]} 36. dxc6+ {[%clk 0:04:36]}  Bxc6 {[%clk 0:52:27]} 37. Bxc6+ {[%clk 0:04:42]}  Kxc6 {[%clk 0:52:52]} 38. Be3 {[%clk 0:05:10]}  Rh7 {[%clk 0:51:34]} 39. Kg4 {[%clk 0:02:01]}  Rf7 {[%clk 0:48:19]} 40. f4 {[%clk 0:00:51]}  Kd5 {[%clk 0:47:20]} 41. f5 {[%clk 0:00:32]}  Ke4 {[%clk 0:46:22]} 42. Bxh6 {[%clk 0:27:18]}  Bxh6 {[%clk 1:15:04]} 43. Rxh6 {[%clk 0:27:47]}  d5 {[%clk 1:14:41]} 44. Rxa6 {[%clk 0:21:00]}  Rd7 {[%clk 1:10:03]} 45. f6 {[%clk 0:17:39]}  d4 {[%clk 1:09:12]} 46. f7 {[%clk 0:17:54]}  Rxf7 {[%clk 1:08:59]} 47. Rd6 {[%clk 0:18:20]}  Rg7 {[%clk 0:47:50]} 48. Kh4 {[%clk 0:18:48]}  Kd3 {[%clk 0:48:15]} 49. h6 {[%clk 0:17:22]}  Re7 {[%clk 0:48:33]} 50. Kg5 {[%clk 0:17:32]}  e4 {[%clk 0:48:34]} 51. Kf6 {[%clk 0:17:38]}  Re8 {[%clk 0:44:02]} 52. Kf7 {[%clk 0:10:59]}  Ra8 {[%clk 0:31:59]} 53. h7 {[%clk 0:11:00]}  e3 {[%clk 0:32:21]} 54. Kg7 {[%clk 0:08:08]}  e2 {[%clk 0:31:48]} 55. Re6 {[%clk 0:08:31]}  Ra7+ {[%clk 0:32:12]} 56. Kg6 {[%clk 0:07:12]}  Ra8 {[%clk 0:32:33]} 57. Kg7 {[%clk 0:06:33]}  Ra7+ {[%clk 0:32:58]} 58. Kg8 {[%clk 0:05:38]}  Ra8+ {[%clk 0:33:25]} 1/2-1/2

[Event "45th FIDE Chess Olympiad Open"]
[Site "Budapest, Hungary"]
[Date "2024.09.22"]
[Round "11"]
[White "Cori, Jorge"]
[Black "Camacho Collados, Jose"]
[Result "1-0"]
[Board "129"]
[WhiteFideId "3802272"]
[BlackFideId "2265427"]
[WhiteTitle "GM"]
[BlackTitle "IM"]
[WhiteElo "2609"]
[BlackElo "2352"]
[WhiteTeam "Peru"]
[BlackTeam "Wales"]
[WhiteClock "0:22:20"]
[BlackClock "0:01:01"]
[Variant "Standard"]

1. c4 {[%clk 1:30:57]}  b6 {[%clk 1:30:44]} 2. b3 {[%clk 1:19:19]}  Bb7 {[%clk 1:29:07]} 3. Bb2 {[%clk 1:19:43]}  Nf6 {[%clk 1:28:19]} 4. Nf3 {[%clk 1:20:07]}  g6 {[%clk 1:27:20]} 5. Nc3 {[%clk 1:19:34]}  Bg7 {[%clk 1:26:24]} 6. Qc2 {[%clk 1:19:59]}  O-O {[%clk 1:24:47]} 7. h4 {[%clk 1:19:47]}  c5 {[%clk 1:21:11]} 8. h5 {[%clk 1:14:16]}  Nc6 {[%clk 1:18:54]} 9. hxg6 {[%clk 1:08:20]}  fxg6 {[%clk 1:16:49]} 10. e3 {[%clk 1:08:45]}  e6 {[%clk 1:08:13]} 11. Be2 {[%clk 1:07:43]}  Ne7 {[%clk 0:58:35]} 12. d4 {[%clk 1:06:04]}  cxd4 {[%clk 0:55:26]} 13. Nxd4 {[%clk 1:06:28]}  Nf5 {[%clk 0:52:36]} 14. Nxf5 {[%clk 0:59:33]}  gxf5 {[%clk 0:52:06]} 15. Bf3 {[%clk 1:00:00]}  Bc6 {[%clk 0:47:58]} 16. O-O-O {[%clk 0:54:51]}  Qe7 {[%clk 0:47:58]} 17. Kb1 {[%clk 0:54:31]}  Rac8 {[%clk 0:43:17]} 18. Bxc6 {[%clk 0:54:16]}  dxc6 {[%clk 0:40:20]} 19. f3 {[%clk 0:53:20]}  b5 {[%clk 0:38:07]} 20. g4 {[%clk 0:52:59]}  bxc4 {[%clk 0:34:59]} 21. gxf5 {[%clk 0:49:44]}  cxb3 {[%clk 0:33:05]} 22. axb3 {[%clk 0:49:31]}  exf5 {[%clk 0:25:19]} 23. Ne2 {[%clk 0:38:58]}  Ne8 {[%clk 0:15:30]} 24. Nd4 {[%clk 0:33:22]}  Qf7 {[%clk 0:11:28]} 25. Rdg1 {[%clk 0:32:40]}  c5 {[%clk 0:11:07]} 26. Rg5 {[%clk 0:21:32]}  cxd4 {[%clk 0:04:21]} 27. Qxc8 {[%clk 0:21:56]}  Qxb3 {[%clk 0:04:33]} 28. Rhg1 {[%clk 0:22:20]}  Qxe3 {[%clk 0:02:36]} 29. Qc4+ {[%clk 0:21:36]}  Kh8 {[%clk 0:02:06]} 30. Rxg7 {[%clk 0:21:36]}  Nxg7 {[%clk 0:01:54]} 31. Bxd4 {[%clk 0:22:00]}  Rb8+ {[%clk 0:01:01]} 32. Kc2 {[%clk 0:22:20]} 1-0

[Event "45th FIDE Chess Olympiad Open"]
[Site "Budapest, Hungary"]
[Date "2024.09.22"]
[Round "11"]
[White "Kozusek, Daniel"]
[Black "Leiva, Gianmarco"]
[Result "1/2-1/2"]
[Board "130"]
[WhiteFideId "349500"]
[BlackFideId "3804399"]
[WhiteTitle "FM"]
[BlackTitle "IM"]
[WhiteElo "2367"]
[BlackElo "2389"]
[WhiteTeam "Wales"]
[BlackTeam "Peru"]
[WhiteClock "0:11:21"]
[BlackClock "0:34:38"]
[Variant "Standard"]

1. d4 {[%clk 1:30:37]}  Nf6 {[%clk 1:30:53]} 2. c4 {[%clk 1:30:42]}  e6 {[%clk 1:30:48]} 3. Nf3 {[%clk 1:27:32]}  d5 {[%clk 1:25:44]} 4. Nc3 {[%clk 1:26:44]}  c6 {[%clk 1:24:38]} 5. g3 {[%clk 1:23:42]}  dxc4 {[%clk 1:20:13]} 6. Bg2 {[%clk 1:22:30]}  b5 {[%clk 1:20:04]} 7. Ne5 {[%clk 1:20:35]}  Nd5 {[%clk 1:07:34]} 8. O-O {[%clk 1:16:11]}  Bb7 {[%clk 1:05:45]} 9. a4 {[%clk 1:12:50]}  a6 {[%clk 1:05:12]} 10. axb5 {[%clk 1:11:29]}  axb5 {[%clk 1:01:44]} 11. Rxa8 {[%clk 1:11:21]}  Bxa8 {[%clk 1:02:09]} 12. e4 {[%clk 1:11:39]}  Nxc3 {[%clk 1:01:05]} 13. bxc3 {[%clk 1:12:05]}  Nd7 {[%clk 1:01:27]} 14. Nxd7 {[%clk 1:12:22]}  Qxd7 {[%clk 1:01:47]} 15. e5 {[%clk 1:11:51]}  Bb7 {[%clk 0:56:22]} 16. Qf3 {[%clk 1:01:24]}  h6 {[%clk 0:52:43]} 17. h4 {[%clk 0:52:51]}  Be7 {[%clk 0:46:08]} 18. Qg4 {[%clk 0:45:07]}  g6 {[%clk 0:44:50]} 19. h5 {[%clk 0:42:37]}  g5 {[%clk 0:43:14]} 20. Qe4 {[%clk 0:36:35]}  Qd5 {[%clk 0:42:47]} 21. Qg4 {[%clk 0:31:53]}  Qd7 {[%clk 0:43:04]} 22. Qe4 {[%clk 0:16:25]}  Qd5 {[%clk 0:35:03]} 23. Qg4 {[%clk 0:11:21]}  Qd7 {[%clk 0:34:38]} 1/2-1/2